000 00589cam a2200205 a 4500
001 000018152
005 20200929165357.0
008 840208s1976 ve 000 0 spa d
040 _aDO-SdBNP
_bspa
_cLC
_dBNPHU
082 _aV867.42
_bB641h
100 1 _aBlanco, Andrés Eloy,
_d1898-1955
_93991
245 1 0 _aHumorismo /
_cAndrés Eloy Blanco.
260 _aCaracas, venezuela :
_bCentauro,
_c1976.
300 _a2 v. ;
_c18 cm.
650 4 _aHumorismo venezolano
_939331
650 4 _aLiteratura venezolana
_93816
910 _aCatalogación derivada
910 _aWM
049 _aBNGR
999 _c17673
_d17673